Statistiques concernant 130 jeux vidéos et franchises cultes

Cliquez ici pour prendre le quiz!

Statistiques générales

  • Ce quiz a été pris 214 fois
    (139 depuis la dernière actualisation)
  • Le résultat moyen est 28 sur 130

Statistiques - réponses

NuméroRéponse% Correct
3Super Mario
90%
19GTA
75%
26Call Of Duty
74%
11The Legend Of Zelda
74%
14Fifa
68%
7Minecraft
68%
1Pokémon
65%
17Sonic
64%
8Assassin's Creed
63%
52Fortnite
62%
6Tetris
60%
25Mario Kart
55%
39League Of Legends
53%
18Pac-Man
51%
2Final Fantasy
48%
64God Of War
47%
33Halo
47%
4Street Fighter
47%
29Mortal Kombat
46%
125The Last Of Us
45%
122Super Smash Bros
44%
37World Of Warcraft
44%
21Tomb Raider
42%
60Rocket League
40%
16Tekken
40%
30Donkey Kong
39%
110Uncharted
39%
73Counter Strike
37%
77PES
37%
121Overwatch
36%
32Resident Evil
36%
49Animal Crossing
35%
34Les Sims
34%
70Need For Speed
34%
80The Elder Scrolls
34%
24NBA 2K
32%
15Metroid
31%
5Rayman
31%
9Crash Bandicoot
30%
83Gran Turismo
30%
44Kirby
30%
59Clash Of Clans
27%
65Doom
26%
119Apex Legends
24%
95Dark Souls
24%
78The Witcher
24%
36Diablo
22%
113Just Dance
22%
55Fallout
21%
111Horizon
21%
13Metal Gear Solid
21%
116Dofus
19%
112Portal
19%
23Candy Crush
18%
106Half-Life
18%
82Kingdom Hearts
18%
40Prince Of Persia
17%
53Wii Sports
17%
98Monster Hunter
16%
35Splatoon
16%
128Destiny
15%
47Mega Man
15%
45Pikmin
15%
46Silent Hill
15%
27Fire Emblem
14%
10Pong
14%
109Ratchet And Clank
14%
107Among Us
13%
62Dragon Quest
12%
48Genshin Impact
12%
38Baldur's Gate
11%
61Bayonetta
11%
28Space Invaders
11%
22Age Of Empires
10%
20Castlevania
10%
114Snake
10%
41Undertale
10%
129Medal Of Honor
9%
101Persona 5
9%
12Spyro
9%
31Angry Birds
8%
127Bioshock
8%
126Bloodborne
8%
117Civilization
8%
67F-Zero
8%
43Fable
7%
115GoldenEye 007
7%
76Guitar Hero
7%
79SoulCalibur
7%
58Star Fox
7%
94WWE 2K
7%
71Xenoblade Chronicles
7%
42Arms
6%
123Duke Nukem
6%
103Sim City
6%
90Alone In The Dark
5%
100Chrono Trigger
5%
130Shadow Of The Colossus
5%
68Wii Fit
5%
105Alex Kidd
4%
124Ice Climber
4%
75Kid Icarus
4%
93Mass Effect
4%
99Nier
4%
84Worms
4%
96Age Of Mythology
3%
108Banjo-Kazooie
3%
66Bomberman
3%
56Dead Or Alive
3%
51EarthBound
3%
63Fatal Fury
3%
89Left 4 Dead
3%
104Raid Shadow Legends
3%
74Démineur
2%
91Duck Hunt
2%
120Lemmings
2%
54MediEvil
2%
85Punch-Out
2%
87Tales Of
2%
72Bubble Bobble
1%
50Dragon's Lair
1%
97Earthworm Jim
1%
57Game And Watch
1%
92Shovel Knight
1%
88Teenage Mutant Ninja Turtles
1%
81Unreal Tournament
1%
86Breakout / Arkanoid
0%
69Golden Sun
0%
102Gun Fight
0%
118Wipeout
0%

Distribution des résultats

Percentile par nombre de réponses

% des personnes avec chaque résultat

Votre développement - résultats

Vous n’avez pas pris ce quiz depuis la dernière actualisation